|
|
|
|
| LEADER |
00914pam a22002658a 4500 |
| 001 |
00037682 |
| 005 |
20171026081025.0 |
| 008 |
170513s2004 ||||||Viesd |
| 041 |
0 |
# |
|a Vie
|
| 082 |
1 |
4 |
|a 809
|b V115L
|
| 100 |
1 |
# |
|a Đoàn, Hương
|
| 245 |
1 |
0 |
|c Đoàn Hương
|a Văn luận
|b Văn học Việt Nam và tư tưởng văn hóa phương Đông
|
| 250 |
# |
# |
|a Tái bản lần thứ 2 có bổ sung và sửa chữa
|
| 260 |
# |
# |
|a H.
|b Văn học
|c 2004
|
| 300 |
# |
# |
|a 656 tr.
|c 21 cm
|
| 653 |
# |
# |
|a Nghiên cứu
|
| 653 |
# |
# |
|a Văn luận
|
| 653 |
# |
# |
|a Văn học
|
| 653 |
# |
# |
|a Việt Nam
|
| 653 |
# |
# |
|a Phương Đông
|
| 852 |
# |
# |
|b Kho đọc
|j KD.1000362, KD.0021787
|
| 852 |
# |
# |
|b Kho mượn
|j KM.0022595
|
| 852 |
# |
# |
|j KD.0021787
|j KM.0022595
|
| 910 |
|
|
|d 13/05/2017
|
| 980 |
# |
# |
|a Trung tâm Học liệu Lê Vũ Hùng, Trường Đại học Đồng Tháp
|